000 00706nam a2200205 a 4500
005 20230517063639.0
008 030228s2002 mx r 000 0 spa d
020 _a9707012439
035 _aUPN01000122287
049 _aCG
050 4 _aLB2365 C5.8
_bD8.3
100 1 _aDurand Ponte, Víctor Manuel
245 1 0 _aFormación cívica de los estudiantes en la UNAM /
_cVíctor Manuel Durand Ponte.
260 _aMéxico :
_bUNAM, Secretaría de Servicios a la Comunidad Universitaria :
_bM. A. Porrúa,
_c2002.
300 _a267 p.
440 0 _aProblemas educativos de México
650 4 _aCivismo
_xEstudio y enseñanza
_95814
650 4 _aEducación superior
_xInvestigación
_913625
905 _aLibro
999 _c94484
_d94484